Phương pháp toán lí
Một số kiến thức cơ bản về giải tích véctơ trong toạ độ cong, phép tính tenxơ và các phương trình vi phân đạo hàm riêng...Sau mỗi chương có một số bài tập và hướng dẫn cách giải
Shranjeno v:
| Glavni avtor: | |
|---|---|
| Drugi avtorji: | |
| Jezik: | Undetermined |
| Izdano: |
Hà Nội
Giáo dục
2003
|
| Teme: | |
| Oznake: |
Označite
Brez oznak, prvi označite!
|
| Thư viện lưu trữ: | Trung tâm Học liệu Trường Đại học Trà Vinh |
|---|
| LEADER | 00852nam a2200253Ia 4500 | ||
|---|---|---|---|
| 001 | TVU_9949 | ||
| 008 | 210423s9999 xx 000 0 und d | ||
| 041 | |a Vie | ||
| 082 | |a 530.15 | ||
| 082 | |b Th107 | ||
| 100 | |a Đỗ, Đình Thanh | ||
| 245 | 0 | |a Phương pháp toán lí | |
| 245 | 0 | |c Đỗ Đình Thanh | |
| 260 | |a Hà Nội | ||
| 260 | |b Giáo dục | ||
| 260 | |c 2003 | ||
| 300 | |a 204 tr. | ||
| 300 | |b Hình vẽ | ||
| 300 | |c 21 cm | ||
| 520 | |a Một số kiến thức cơ bản về giải tích véctơ trong toạ độ cong, phép tính tenxơ và các phương trình vi phân đạo hàm riêng...Sau mỗi chương có một số bài tập và hướng dẫn cách giải | ||
| 650 | |a Vật lí | ||
| 653 | |a Phương pháp toán lí | ||
| 700 | |a Đỗ Đình Thanh | ||
| 980 | |a Trung tâm Học liệu Trường Đại học Trà Vinh | ||